| 000 | 00484nam a2200181Ia 4500 | ||
|---|---|---|---|
| 001 | 19820 | ||
| 005 | 20260306172721.0 | ||
| 008 | 260306t2002||||xx |||||||||||||| ||spa|| | ||
| 041 | _aESP | ||
| 082 |
_a341.1 _bT53 |
||
| 100 |
_aTierney, Brian _eAUT |
||
| 245 | 0 |
_aL'idea dei diritti naturali: _bdiritti naturali, legge naturale e diritto canonico, 1150-1625 |
|
| 260 | _c2002 | ||
| 300 |
_a506 páginas : _c21 cm. |
||
| 650 | _aGEN | ||
| 654 | _aCDE | ||
| 942 |
_cLIB _dJUS _fJUS _2ddc _n |
||
| 999 |
_c19820 _d19820 |
||